[Event "2. Torneig Internacional Vila d'Andratx"]
[Site "Andratx ESP"]
[Date "2007.10.08"]
[Round "1.1"]
[White "Schenk, Andres"]
[Black "Movsziszian, Karen"]
[Result "0-1"]
[WhiteElo "2136"]
[BlackElo "2531"]
[PlyCount "128"]
[EventDate "2007.10.08"]
[EventType "tourn"]
[EventRounds "9"]
[EventCountry "ESP"]
[Source "lmi"]
[SourceDate "2007.10.08"]

1. d4 Nf6 2. Nf3 g6 3. g3 Bg7 4. Bg2 O-O 5. O-O d6 6. b3 c5 7. c4 d5 8. cxd5
Nxd5 9. Bb2 Nc6 10. Qd2 Ndb4 11. a3 Na6 12. Rd1 Qa5 13. dxc5 Qxd2 14. Rxd2 Bh6
15. b4 Bxd2 16. Nbxd2 Nc7 17. Ne5 Nd8 18. Ndc4 f6 19. Nd3 Nc6 20. a4 Be6 21.
Ne3 a6 22. Bc3 Rfd8 23. Nf4 Bf7 24. Rb1 e5 25. Nd3 Nd5 26. Nxd5 Bxd5 27. Bf1
Ne7 28. f3 Bc4 29. Nb2 Ba2 30. Ra1 Be6 31. e4 a5 32. b5 Rdc8 33. c6 bxc6 34. b6
Rcb8 35. Nc4 Kf8 36. Rb1 Ra6 37. b7 Bxc4 38. Bxc4 Ra7 39. Kf2 Raxb7 40. Rd1 Ke8
41. Rd6 Rb4 42. Bxb4 Rxb4 43. Be2 Rxa4 44. Rxf6 Kd7 45. Rf7 h5 46. h4 Rb4 47.
Rf8 c5 48. Ra8 Nc8 49. Bd1 Nb6 50. Ra7+ Kd6 51. g4 a4 52. gxh5 gxh5 53. Ra6 Kc6
54. Ra5 Rb2+ 55. Ke1 Ra2 56. f4 exf4 57. Bxh5 a3 58. Be8+ Kd6 59. Ra6 Kc7 60.
h5 f3 61. Kf1 Nc4 62. Rf6 Ne3+ 63. Kg1 Rg2+ 64. Kh1 a2 0-1

[Event "2. Torneig Internacional Vila d'Andratx"]
[Site "Andratx ESP"]
[Date "2007.10.08"]
[Round "1.2"]
[White "Glud, Jacob Vang"]
[Black "Cortes, Eduardo"]
[Result "1/2-1/2"]
[WhiteElo "2448"]
[BlackElo "2106"]
[PlyCount "89"]
[EventDate "2007.10.08"]
[EventType "tourn"]
[EventRounds "9"]
[EventCountry "ESP"]
[Source "lmi"]
[SourceDate "2007.10.08"]

1. d4 Nf6 2. Nf3 c6 3. c4 e6 4. Nc3 d5 5. cxd5 exd5 6. Bg5 Be7 7. Qc2 Bg4 8. e3
Nbd7 9. Bd3 Bh5 10. Nh4 O-O 11. Nf5 Bg6 12. O-O Re8 13. Rab1 Bf8 14. Rfc1 Qc8
15. Ng3 Bxd3 16. Qxd3 h6 17. Bxf6 Nxf6 18. b4 a6 19. h3 Qe6 20. a4 Bd6 21. Nge2
Ne4 22. Nxe4 dxe4 23. Qb3 Qf5 24. Ng3 Qg5 25. Nf1 Re6 26. Qc2 Rae8 27. Qe2 Rg6
28. f4 exf3 29. Qxf3 Rf6 30. Qg4 Qd5 31. Kh1 Qa2 32. Ra1 Qb2 33. Rcb1 Qc2 34.
b5 Ree6 35. bxa6 bxa6 36. Rc1 Qb2 37. Qd1 Rf2 38. Rcb1 Qc3 39. Kg1 Ref6 40. Qg4
Qc2 41. Rc1 Qb2 42. Rab1 Qa2 43. Ra1 Qb2 44. Rab1 Qa2 45. Ra1 1/2-1/2

[Event "2. Torneig Internacional Vila d'Andratx"]
[Site "Andratx ESP"]
[Date "2007.10.08"]
[Round "1.3"]
[White "Gonzalez Arribas, Alejandro"]
[Black "Martinez Gonzalez, Alejandro"]
[Result "0-1"]
[WhiteElo "2328"]
[BlackElo "2293"]
[PlyCount "120"]
[EventDate "2007.10.08"]
[EventType "tourn"]
[EventRounds "9"]
[EventCountry "ESP"]
[Source "lmi"]
[SourceDate "2007.10.08"]

1. c4 g6 2. d4 Bg7 3. Nf3 Nf6 4. Nc3 O-O 5. g3 d6 6. Bg2 Nc6 7. O-O a6 8. h3
Rb8 9. e4 Bd7 10. Qe2 e5 11. dxe5 dxe5 12. Rd1 Qc8 13. Kh2 Nd4 14. Nxd4 exd4
15. Nd5 Nxd5 16. cxd5 Bb5 17. Qc2 f5 18. Bf4 fxe4 19. Bxe4 Rxf4 20. gxf4 Qf8
21. Rg1 Qxf4+ 22. Rg3 Re8 23. Bf3 d3 24. Qb3 Bc4 25. Qxb7 Bd4 26. Kg2 Rf8 27.
Rd1 Be5 28. d6 Bxd6 29. b3 Be6 30. Rxd3 Qf5 31. Rxd6 cxd6 32. Qxa6 d5 33. Qb6
Qf6 34. Bg4 Bxg4 35. Qxf6 Bxh3+ 36. Rxh3 Rxf6 37. Rd3 Ra6 38. a4 Rb6 39. Rf3
Kg7 40. Kf1 h5 41. Ke2 g5 42. Kd2 g4 43. Rg3 Kf6 44. Kc3 Kf5 45. b4 h4 46. Rd3
Rc6+ 47. Kb3 Ke4 48. Re3+ Kd4 49. Re1 Rc3+ 50. Kb2 Rf3 51. Rf1 h3 52. b5 Kc5
53. Rc1+ Kb6 54. Rc6+ Ka5 55. b6 Rxf2+ 56. Kc3 d4+ 57. Kxd4 Rb2 58. Kc3 Rxb6
59. Rc5+ Ka6 60. Rh5 Rg6 0-1

[Event "2. Torneig Internacional Vila d'Andratx"]
[Site "Andratx ESP"]
[Date "2007.10.08"]
[Round "1.4"]
[White "Ryan, Joseph"]
[Black "Galiana, Joan Ramon"]
[Result "1-0"]
[WhiteElo "2364"]
[BlackElo "2252"]
[PlyCount "49"]
[EventDate "2007.10.08"]
[EventType "tourn"]
[EventRounds "9"]
[EventCountry "ESP"]
[Source "lmi"]
[SourceDate "2007.10.08"]

1. d4 d5 2. Nf3 Nf6 3. e3 c6 4. c4 e6 5. Bd3 dxc4 6. Bxc4 Nbd7 7. Qe2 c5 8. Nc3
cxd4 9. exd4 Nb6 10. Bb3 Be7 11. Bg5 h6 12. Be3 Nfd5 13. O-O Bf6 14. Rad1 a6
15. Bc1 Nxc3 16. bxc3 Nd5 17. Rd3 b5 18. Ne5 Bb7 19. Re1 O-O 20. Bxh6 gxh6 21.
Rg3+ Bg7 22. Qh5 Nf4 23. Qxh6 Ng6 24. Rxg6 fxg6 25. Bxe6+ 1-0

[Event "2. Torneig Internacional Vila d'Andratx"]
[Site "Andratx ESP"]
[Date "2007.10.08"]
[Round "1.5"]
[White "Massanet, Sebastian"]
[Black "Mateo, Ramon"]
[Result "1-0"]
[WhiteElo "2208"]
[BlackElo "2493"]
[PlyCount "91"]
[EventDate "2007.10.08"]
[EventType "tourn"]
[EventRounds "9"]
[EventCountry "ESP"]
[Source "lmi"]
[SourceDate "2007.10.08"]

1. d4 Nf6 2. Nf3 e6 3. g3 b5 4. Bg2 Bb7 5. O-O c5 6. Na3 a6 7. c4 b4 8. Nc2 Qb6
9. Bg5 Be7 10. dxc5 Qxc5 11. Qd4 Qxd4 12. Ncxd4 Nc6 13. Rac1 Rc8 14. Rfd1 Nxd4
15. Nxd4 Bxg2 16. Kxg2 Ne4 17. Bxe7 Kxe7 18. f3 Nc5 19. e4 Rc7 20. b3 f6 21.
Rd2 Ra8 22. Kf2 Rb7 23. Ke3 a5 24. Rb2 Rb6 25. f4 a4 26. e5 axb3 27. axb3 Ra3
28. Ke2 Na4 29. bxa4 fxe5 30. fxe5 Rxa4 31. c5 Rba6 32. c6 Ra2 33. Rxa2 Rxa2+
34. Kf3 dxc6 35. Rxc6 Rxh2 36. Rxe6+ Kf7 37. Rb6 g5 38. Rb7+ Kg6 39. g4 h5 40.
Rb6+ Kf7 41. Rf6+ Ke7 42. Nf5+ Kd8 43. e6 hxg4+ 44. Ke3 Rh1 45. e7+ Kc7 46. Ke2
1-0

[Event "2. Torneig Internacional Vila d'Andratx"]
[Site "Andratx ESP"]
[Date "2007.10.09"]
[Round "2.1"]
[White "Galiana, Joan Ramon"]
[Black "Movsziszian, Karen"]
[Result "1/2-1/2"]
[WhiteElo "2252"]
[BlackElo "2531"]
[PlyCount "103"]
[EventDate "2007.10.08"]
[EventType "tourn"]
[EventRounds "9"]
[EventCountry "ESP"]
[Source "lmi"]
[SourceDate "2007.10.08"]

1. e4 c5 2. Nf3 d6 3. d4 cxd4 4. Nxd4 Nf6 5. Nc3 a6 6. Bg5 e6 7. f4 Qb6 8. Qd2
Nc6 9. O-O-O Bd7 10. Nb3 Qc7 11. Be2 O-O-O 12. Qe3 Kb8 13. Rd2 h6 14. Bh4 Be7
15. Bf2 Rhe8 16. Rhd1 Bc8 17. a4 Nd7 18. Nb5 axb5 19. axb5 d5 20. exd5 exd5 21.
bxc6 bxc6 22. Qc3 Bf6 23. Qb4+ Bb7 24. Bf3 Be7 25. Qa4 f5 26. Qa7+ Kc8 27. Bh5
Rf8 28. Re2 Bd6 29. g3 Qb8 30. Qa4 Qa8 31. Qxa8+ Bxa8 32. Nd4 Rf6 33. Ne6 Rg8
34. Bd4 g6 35. Bxf6 Nxf6 36. Bf3 Kd7 37. Nd4 Ne4 38. c4 c5 39. Nc2 d4 40. Rd3
Bc6 41. Ra3 Kc7 42. Ne1 g5 43. Nd3 Nxg3 44. hxg3 Bxf3 45. Re6 gxf4 46. gxf4 Be4
47. Ra7+ Kb8 48. Rd7 Bc7 49. Ne5 Kc8 50. Ree7 Ba5 51. Rg7 Re8 52. Ra7 1/2-1/2

[Event "2. Torneig Internacional Vila d'Andratx"]
[Site "Andratx ESP"]
[Date "2007.10.09"]
[Round "2.2"]
[White "Ryan, Joseph"]
[Black "Glud, Jacob Vang"]
[Result "0-1"]
[WhiteElo "2364"]
[BlackElo "2448"]
[PlyCount "72"]
[EventDate "2007.10.08"]
[EventType "tourn"]
[EventRounds "9"]
[EventCountry "ESP"]
[Source "lmi"]
[SourceDate "2007.10.08"]

1. e4 e5 2. Nf3 Nc6 3. Bc4 Nf6 4. d4 exd4 5. e5 d5 6. Bb5 Ne4 7. Nxd4 Bd7 8.
Bxc6 bxc6 9. O-O Bc5 10. f3 Ng5 11. f4 Ne4 12. Be3 Rb8 13. Nd2 Rxb2 14. Nxe4
dxe4 15. Qe1 Bxd4 16. Bxd4 Rxc2 17. Qg3 Bh3 18. Bf2 e3 19. Qxe3 Be6 20. Rfd1
Qc8 21. Qxa7 O-O 22. Rdc1 Rxc1+ 23. Rxc1 Bd5 24. Qe3 Qf5 25. a4 Rb8 26. Qa7 Re8
27. Qd4 Qg4 28. Bg3 h5 29. Qf2 Ra8 30. h3 Qf5 31. Ra1 Ra5 32. Qe2 Rc5 33. Rd1
Rc2 34. Rd2 Rc3 35. Qf2 Rc1+ 36. Kh2 Qb1 0-1

[Event "2. Torneig Internacional Vila d'Andratx"]
[Site "Andratx ESP"]
[Date "2007.10.09"]
[Round "2.3"]
[White "Cortes, Eduardo"]
[Black "Gonzalez Arribas, Alejandro"]
[Result "0-1"]
[WhiteElo "2106"]
[BlackElo "2293"]
[PlyCount "68"]
[EventDate "2007.10.08"]
[EventType "tourn"]
[EventRounds "9"]
[EventCountry "ESP"]
[Source "lmi"]
[SourceDate "2007.10.08"]

1. e4 c5 2. Nf3 g6 3. d4 cxd4 4. Nxd4 Bg7 5. c4 Nc6 6. Be3 Nf6 7. Nc3 O-O 8.
Be2 d6 9. O-O Bd7 10. Qd2 Nxd4 11. Bxd4 Bc6 12. Qe3 e5 13. Bxa7 Nd7 14. Rfd1
Qc7 15. Rac1 b6 16. Bxb6 Qxb6 17. Qxb6 Nxb6 18. b3 Rfc8 19. Rxd6 Ra6 20. Rdd1
Bf8 21. Rc2 Nd7 22. Bd3 Nc5 23. Re2 Kg7 24. Rb2 Kf6 25. f3 Ke6 26. Nb1 Ra7 27.
Nc3 f5 28. Bc2 Bh6 29. exf5+ gxf5 30. Kf2 e4 31. Bb1 Bg7 32. Rc2 Nd3+ 33. Kf1
Nb4 34. Rcc1 Bh6 0-1

[Event "2. Torneig Internacional Vila d'Andratx"]
[Site "Andratx ESP"]
[Date "2007.10.09"]
[Round "2.4"]
[White "Mateo, Ramon"]
[Black "Schenk, Andres"]
[Result "1-0"]
[WhiteElo "2493"]
[BlackElo "2136"]
[PlyCount "77"]
[EventDate "2007.10.08"]
[EventType "tourn"]
[EventRounds "9"]
[EventCountry "ESP"]
[Source "lmi"]
[SourceDate "2007.10.08"]

1. c4 e5 2. Nc3 Nc6 3. g3 g6 4. Bg2 Bg7 5. e3 d6 6. Nge2 Nge7 7. d4 O-O 8. O-O
Nf5 9. d5 Nb8 10. b3 h5 11. e4 Nh6 12. f3 a5 13. Be3 Nd7 14. Qd2 Kh7 15. a3 Nc5
16. Rab1 b6 17. b4 Nb7 18. Nb5 axb4 19. axb4 Bd7 20. Ra1 Bxb5 21. cxb5 Qd7 22.
Nc3 Ng8 23. Ra6 Bh6 24. Rfa1 Rab8 25. Ra7 Bxe3+ 26. Qxe3 Kg7 27. h4 Nh6 28. Kh2
f5 29. Bh3 Qe7 30. Qg5 Qxg5 31. hxg5 Ng8 32. Rc1 Ne7 33. Nd1 Rfc8 34. Ne3 Kf8
35. exf5 gxf5 36. Bxf5 Nxf5 37. Nxf5 Ke8 38. Rxb7 Rxb7 39. Nxd6+ 1-0

[Event "2. Torneig Internacional Vila d'Andratx"]
[Site "Andratx ESP"]
[Date "2007.10.09"]
[Round "2.5"]
[White "Martinez Gonzalez, Alejandro"]
[Black "Massanet, Sebastian"]
[Result "1-0"]
[WhiteElo "2328"]
[BlackElo "2208"]
[PlyCount "139"]
[EventDate "2007.10.08"]
[EventType "tourn"]
[EventRounds "9"]
[EventCountry "ESP"]
[Source "lmi"]
[SourceDate "2007.10.08"]

1. d4 d5 2. Nf3 Nf6 3. c4 e6 4. Nc3 c6 5. cxd5 exd5 6. Qc2 Be7 7. Bg5 O-O 8. e3
h6 9. Bf4 Re8 10. Bd3 Nbd7 11. h3 Nf8 12. O-O b6 13. Rfd1 Ne6 14. Bh2 Bb7 15.
Rab1 Bd6 16. Ne5 Qe7 17. a3 Rac8 18. b4 Ng5 19. Bf5 Rc7 20. Qe2 Bc8 21. Bd3
Nge4 22. Rdc1 Bb7 23. Na4 Rec8 24. f3 Ng5 25. Rc2 Nd7 26. Bf5 Ne6 27. Rbc1 g6
28. Bd3 Bxe5 29. dxe5 c5 30. Qd2 Bc6 31. Nb2 c4 32. Bf1 b5 33. Nd1 Nb6 34. Nc3
Rd7 35. Ne2 a5 36. bxa5 Na4 37. Qb4 Nac5 38. Rd1 Nb3 39. Nc3 d4 40. exd4 Nexd4
41. Rf2 Ra8 42. Bf4 g5 43. Qxe7 Rxe7 44. Be3 Nf5 45. Bb6 Rxe5 46. Ne4 Bxe4 47.
fxe4 Ne7 48. Rd7 Nxa5 49. a4 Nb3 50. axb5 Ra4 51. Bd8 Nc5 52. Rxe7 Rxe7 53.
Bxe7 Nxe4 54. Rc2 Ra7 55. Bb4 c3 56. Bd3 Ra1+ 57. Kh2 Rb1 58. Bxe4 Rxb4 59. Bc6
Rc4 60. Kg3 Kf8 61. Kf3 Ke7 62. Ke3 f5 63. Kd3 Rb4 64. Kxc3 Rb1 65. Rd2 h5 66.
Kc4 g4 67. hxg4 fxg4 68. Rd5 h4 69. Rh5 Rh1 70. Kc5 1-0

[Event "2. Torneig Internacional Vila d'Andratx"]
[Site "Andratx ESP"]
[Date "2007.10.10"]
[Round "3.1"]
[White "Movsziszian, Karen"]
[Black "Mateo, Ramon"]
[Result "1/2-1/2"]
[WhiteElo "2531"]
[BlackElo "2493"]
[PlyCount "25"]
[EventDate "2007.10.08"]
[EventType "tourn"]
[EventRounds "9"]
[EventCountry "ESP"]
[Source "lmi"]
[SourceDate "2007.10.08"]

1. Nf3 d5 2. g3 c5 3. Bg2 Nc6 4. O-O e5 5. d3 Nf6 6. e4 dxe4 7. dxe4 Qxd1 8.
Rxd1 Bg4 9. Re1 Nd4 10. Nxd4 cxd4 11. c3 Bc5 12. cxd4 Bxd4 13. Nd2 1/2-1/2

[Event "2. Torneig Internacional Vila d'Andratx"]
[Site "Andratx ESP"]
[Date "2007.10.10"]
[Round "3.2"]
[White "Glud, Jacob Vang"]
[Black "Galiana, Joan Ramon"]
[Result "1-0"]
[WhiteElo "2448"]
[BlackElo "2252"]
[PlyCount "89"]
[EventDate "2007.10.08"]
[EventType "tourn"]
[EventRounds "9"]
[EventCountry "ESP"]
[Source "lmi"]
[SourceDate "2007.10.08"]

1. d4 Nf6 2. Nf3 c6 3. c4 d5 4. Qc2 g6 5. Nc3 Bf5 6. Qb3 Qb6 7. c5 Qxb3 8. axb3
Na6 9. Bf4 Nb4 10. Ra4 a5 11. Bc7 Nd7 12. e3 Bg7 13. Kd2 O-O 14. Bxa5 Na6 15.
Bxa6 Rxa6 16. Bc7 Rxa4 17. bxa4 Bg4 18. b4 Rc8 19. Bg3 Bxf3 20. gxf3 e5 21. Ne2
Ra8 22. a5 f5 23. dxe5 Nxe5 24. Bxe5 Bxe5 25. Kd3 Kf7 26. h4 h6 27. f4 Bf6 28.
h5 gxh5 29. Rxh5 Kg6 30. Ng3 Rh8 31. Kc2 Rh7 32. Kd3 Rh8 33. Rh1 h5 34. Rg1 h4
35. Ne4+ Kf7 36. Nd6+ Ke6 37. Nxb7 Rb8 38. a6 Ra8 39. Nd6 Rxa6 40. Rg6 Ra8 41.
Ke2 Rb8 42. Rh6 Rh8 43. Rxh8 Bxh8 44. b5 h3 45. bxc6 1-0

[Event "2. Torneig Internacional Vila d'Andratx"]
[Site "Andratx ESP"]
[Date "2007.10.10"]
[Round "3.3"]
[White "Gonzalez Arribas, Alejandro"]
[Black "Ryan, Joseph"]
[Result "0-1"]
[WhiteElo "2293"]
[BlackElo "2364"]
[PlyCount "64"]
[EventDate "2007.10.08"]
[EventType "tourn"]
[EventRounds "9"]
[EventCountry "ESP"]
[Source "lmi"]
[SourceDate "2007.10.08"]

1. c4 Nf6 2. Nf3 c5 3. d4 cxd4 4. Nxd4 e5 5. Nb5 d5 6. cxd5 Bc5 7. e3 O-O 8.
N5c3 e4 9. Be2 Qe7 10. Nd2 a6 11. Qc2 Bf5 12. O-O Nbd7 13. Nb3 Bd6 14. f4 exf3
15. Qxf5 fxe2 16. Re1 g6 17. Qf3 Ne5 18. Qxe2 Neg4 19. g3 h5 20. e4 h4 21. Bf4
Ne5 22. Bg5 hxg3 23. hxg3 Kg7 24. Rf1 Ned7 25. Rae1 Be5 26. Kg2 Rh8 27. Na5 Rh5
28. Bxf6+ Nxf6 29. Rh1 Rah8 30. Nc4 Bxg3 31. Rxh5 Nxh5 32. Rf1 Nf4+ 0-1

[Event "2. Torneig Internacional Vila d'Andratx"]
[Site "Andratx ESP"]
[Date "2007.10.11"]
[Round "4.1"]
[White "Martinez Gonzalez, Alejandro"]
[Black "Movsziszian, Karen"]
[Result "1/2-1/2"]
[WhiteElo "2328"]
[BlackElo "2531"]
[PlyCount "84"]
[EventDate "2007.10.08"]
[EventType "tourn"]
[EventRounds "9"]
[EventCountry "ESP"]
[Source "lmi"]
[SourceDate "2007.10.08"]

1. c4 f5 2. Nc3 Nf6 3. g3 g6 4. Bg2 Bg7 5. e3 O-O 6. Nge2 e5 7. O-O d6 8. d3 c6
9. e4 Na6 10. h3 f4 11. gxf4 Nh5 12. f5 gxf5 13. Ng3 Nf4 14. Bxf4 exf4 15. Nxf5
Bxf5 16. exf5 Rxf5 17. Qg4 Qf8 18. Be4 Rf6 19. Kh1 Kh8 20. Rg1 Re8 21. Rg2 Rh6
22. Rag1 Be5 23. Ne2 Nc5 24. f3 Ne6 25. b4 Qf7 26. b5 Bf6 27. bxc6 Rh4 28. Qf5
Rh5 29. Rg8+ Rxg8 30. Rxg8+ Kxg8 31. Qg4+ Rg5 32. cxb7 Qe8 33. Qxe6+ Qxe6 34.
b8=Q+ Kg7 35. Nxf4 Qe5 36. Qxa7+ Be7 37. d4 Qxf4 38. Qxe7+ Kg8 39. Qe8+ Kg7 40.
Qe7+ Kg8 41. Qe8+ Kg7 42. Qe7+ Kg8 1/2-1/2

[Event "2. Torneig Internacional Vila d'Andratx"]
[Site "Andratx ESP"]
[Date "2007.10.11"]
[Round "4.2"]
[White "Glud, Jacob Vang"]
[Black "Gonzalez Arribas, Alejandro"]
[Result "1-0"]
[WhiteElo "2448"]
[BlackElo "2293"]
[PlyCount "83"]
[EventDate "2007.10.08"]
[EventType "tourn"]
[EventRounds "9"]
[EventCountry "ESP"]
[Source "lmi"]
[SourceDate "2007.10.08"]

1. c4 e6 2. g3 d5 3. Bg2 c6 4. Qc2 Nf6 5. Nf3 dxc4 6. Qxc4 b5 7. Qc2 Bb7 8. a4
a6 9. Nc3 Nbd7 10. O-O Be7 11. d4 Rc8 12. Ne5 Qb6 13. Nxd7 Nxd7 14. Be3 c5 15.
d5 Nf6 16. axb5 axb5 17. dxe6 fxe6 18. Bxb7 Qxb7 19. Ra5 b4 20. Na4 Nd7 21. Rc1
O-O 22. Qc4 Rc6 23. Rb5 Qa6 24. Rxb4 Rfc8 25. Qxa6 Rxa6 26. Rbc4 Ra5 27. Nc3
Rb8 28. Rc2 Bf6 29. Ne4 Bxb2 30. Bxc5 Nxc5 31. Nxc5 Kf7 32. Nd3 Bf6 33. Rc7+
Kg6 34. Nf4+ Kf5 35. Kg2 e5 36. Nh5 Kg6 37. g4 Rb4 38. h3 Rab5 39. R2c6 Rb7 40.
Rxg7+ Rxg7 41. Rxf6+ Kg5 42. Rf5+ 1-0

[Event "2. Torneig Internacional Vila d'Andratx"]
[Site "Andratx ESP"]
[Date "2007.10.11"]
[Round "4.3"]
[White "Galiana, Joan Ramon"]
[Black "Mateo, Ramon"]
[Result "0-1"]
[WhiteElo "2252"]
[BlackElo "2493"]
[PlyCount "128"]
[EventDate "2007.10.08"]
[EventType "tourn"]
[EventRounds "9"]
[EventCountry "ESP"]
[Source "lmi"]
[SourceDate "2007.10.08"]

1. e4 c5 2. Nf3 Nc6 3. d4 cxd4 4. Nxd4 Nf6 5. Nc3 e5 6. Ndb5 d6 7. Bg5 a6 8.
Na3 Be6 9. Nc4 Nd4 10. Ne3 Be7 11. Bxf6 Bxf6 12. Ncd5 Bg5 13. c3 Nc6 14. Be2
O-O 15. O-O g6 16. Qd3 Rc8 17. a4 f5 18. Bf3 Kh8 19. Rad1 Na5 20. Rfe1 Bxe3 21.
Nxe3 fxe4 22. Bxe4 Bb3 23. Rd2 Rf6 24. Nd5 Rf7 25. Qh3 Kg7 26. Ne3 Rc5 27. Bd5
Rf4 28. Qe6 Rf6 29. Qh3 h5 30. Qg3 Rf4 31. Be4 Qf6 32. f3 Qe6 33. Bc2 h4 34.
Qg5 Qf6 35. Qxf6+ Rxf6 36. Bxb3 Nxb3 37. Rd5 Rxd5 38. Nxd5 Rf8 39. Re4 h3 40.
Rb4 Nc5 41. Rb6 hxg2 42. Kxg2 Rf7 43. a5 Nd3 44. Kg3 Rd7 45. c4 Kf7 46. Rb3 Nc5
47. Re3 Rd8 48. b4 Ne6 49. b5 Rc8 50. Nb6 Rc5 51. Rd3 Nd4 52. bxa6 bxa6 53. Ra3
Nc6 54. Rd3 Ke6 55. Nd5 Nxa5 56. Nc3 Nxc4 57. Ne4 Rc6 58. h4 a5 59. Ng5+ Kf5
60. Rb3 Rb6 61. Rc3 d5 62. Nh3 a4 63. Nf2 Rb3 64. Rc2 a3 0-1

[Event "2. Torneig Internacional Vila d'Andratx"]
[Site "Andratx ESP"]
[Date "2007.10.11"]
[Round "4.4"]
[White "Ryan, Joseph"]
[Black "Massanet, Sebastian"]
[Result "1-0"]
[WhiteElo "2364"]
[BlackElo "2208"]
[PlyCount "41"]
[EventDate "2007.10.08"]
[EventType "tourn"]
[EventRounds "9"]
[EventCountry "ESP"]
[Source "lmi"]
[SourceDate "2007.10.08"]

1. e4 e6 2. b3 d5 3. Bb2 Nf6 4. e5 Nfd7 5. f4 c5 6. Qg4 Nc6 7. Nf3 h5 8. Qg3
Rh6 9. Be2 b6 10. Na3 h4 11. Qh3 f5 12. Nb5 Nb4 13. O-O Nxc2 14. Ng5 Be7 15.
Bh5+ Kf8 16. Nf7 Qe8 17. Nc7 Rxh5 18. Nxe8 Kxe8 19. Rac1 Kxf7 20. Rxc2 d4 21.
Qf3 1-0

[Event "2. Torneig Internacional Vila d'Andratx"]
[Site "Andratx ESP"]
[Date "2007.10.11"]
[Round "4.5"]
[White "Cortes, Eduardo"]
[Black "Schenk, Andres"]
[Result "1/2-1/2"]
[WhiteElo "2106"]
[BlackElo "2136"]
[PlyCount "30"]
[EventDate "2007.10.08"]
[EventType "tourn"]
[EventRounds "9"]
[EventCountry "ESP"]
[Source "lmi"]
[SourceDate "2007.10.08"]

1. e4 e5 2. Nf3 Nc6 3. Bb5 a6 4. Ba4 Nf6 5. O-O b5 6. Bb3 Be7 7. Re1 O-O 8. c3
d5 9. exd5 Nxd5 10. Nxe5 Nxe5 11. Rxe5 c6 12. d4 Bd6 13. Re1 Qh4 14. g3 Qh3 15.
Be3 Be6 1/2-1/2

[Event "2. Torneig Internacional Vila d'Andratx"]
[Site "Andratx ESP"]
[Date "2007.10.11"]
[Round "5.1"]
[White "Movsziszian, Karen"]
[Black "Cortes, Eduardo"]
[Result "1-0"]
[WhiteElo "2531"]
[BlackElo "2106"]
[PlyCount "32"]
[EventDate "2007.10.08"]
[EventType "tourn"]
[EventRounds "9"]
[EventCountry "ESP"]
[Source "lmi"]
[SourceDate "2007.10.08"]

1. e4 c5 2. d3 g6 3. g3 Bg7 4. Bg2 Nc6 5. f4 e6 6. c3 Nge7 7. Nf3 d5 8. e5 b6
9. O-O Bb7 10. Re1 Qc7 11. Na3 a6 12. Be3 O-O 13. Bf2 Rfd8 14. d4 Na5 15. Nc2
Rac8 16. Rc1 c4 1-0

[Event "2. Torneig Internacional Vila d'Andratx"]
[Site "Andratx ESP"]
[Date "2007.10.11"]
[Round "5.2"]
[White "Massanet, Sebastian"]
[Black "Glud, Jacob Vang"]
[Result "0-1"]
[WhiteElo "2209"]
[BlackElo "2448"]
[PlyCount "126"]
[EventDate "2007.10.08"]
[EventType "tourn"]
[EventRounds "9"]
[EventCountry "ESP"]
[Source "lmi"]
[SourceDate "2007.10.08"]

1. e4 e5 2. Nf3 Nc6 3. Bb5 a6 4. Ba4 Nf6 5. O-O b5 6. Bb3 Bc5 7. d3 d6 8. c3 h6
9. a4 Rb8 10. axb5 axb5 11. h3 O-O 12. Re1 Bd7 13. d4 Bb6 14. Na3 exd4 15. cxd4
Na5 16. Ba2 Re8 17. Qd3 b4 18. Nc4 Bb5 19. b3 c6 20. d5 cxd5 21. exd5 Rxe1+ 22.
Nxe1 Bxc4 23. bxc4 b3 24. Bb1 b2 25. Bxb2 Bxf2+ 26. Kxf2 Rxb2+ 27. Kg1 Nb3 28.
Ra2 Nc1 29. Rxb2 Nxd3 30. Bxd3 g6 31. Nf3 Qc7 32. Re2 Kg7 33. Kh2 Qa7 34. Re1
Nh5 35. Re4 Qf2 36. Rg4 Qe3 37. Bf1 Nf4 38. Kg3 g5 39. Kh2 Qf2 40. Rxf4 gxf4
41. Bd3 Kf6 42. Kh1 Ke7 43. Kh2 Kd8 44. Kh1 Kc7 45. Ng1 Kb6 46. Be2 Kc5 47. Kh2
Kd4 48. Kh1 Ke3 49. Kh2 Qg3+ 50. Kh1 Kf2 51. Bf3 Qg6 52. Kh2 Qc2 53. h4 Qxc4
54. h5 Qc1 55. Nh3+ Kf1 56. Kh1 Qe3 57. Kh2 Qd4 58. Kh1 Qf6 59. Kh2 Qh4 60. Kh1
Qg3 61. Be4 f6 62. Ng1 f5 63. Bf3 Kf2 0-1

[Event "2. Torneig Internacional Vila d'Andratx"]
[Site "Andratx ESP"]
[Date "2007.10.11"]
[Round "5.3"]
[White "Mateo, Ramon"]
[Black "Martinez Gonzalez, Alejandro"]
[Result "1-0"]
[WhiteElo "2493"]
[BlackElo "2328"]
[PlyCount "49"]
[EventDate "2007.10.08"]
[EventType "tourn"]
[EventRounds "9"]
[EventCountry "ESP"]
[Source "lmi"]
[SourceDate "2007.10.08"]

1. e4 e5 2. Nf3 Nc6 3. Bb5 a6 4. Ba4 Nf6 5. O-O Be7 6. d4 exd4 7. e5 Nd5 8.
Nxd4 Nxd4 9. Qxd4 Nb6 10. Nc3 O-O 11. Bb3 d6 12. Be3 dxe5 13. Qxe5 Nd7 14. Qg3
Nf6 15. Rad1 Bd6 16. Qh4 Bf5 17. f3 Re8 18. Bd4 Nd7 19. Qh5 Bg6 20. Qh3 Nc5 21.
Bxc5 Bxc5+ 22. Kh1 Qc8 23. Qxc8 Raxc8 24. f4 Bf5 25. Rd5 1-0

[Event "2. Torneig Internacional Vila d'Andratx"]
[Site "Andratx ESP"]
[Date "2007.10.11"]
[Round "5.4"]
[White "Gonzalez Arribas, Alejandro"]
[Black "Galiana, Joan Ramon"]
[Result "1-0"]
[WhiteElo "2298"]
[BlackElo "2252"]
[PlyCount "73"]
[EventDate "2007.10.08"]
[EventType "tourn"]
[EventRounds "9"]
[EventCountry "ESP"]
[Source "lmi"]
[SourceDate "2007.10.08"]

1. c4 e5 2. Nc3 Nc6 3. g3 g6 4. Bg2 Bg7 5. e3 f5 6. d3 Nce7 7. Nge2 c6 8. e4
Nf6 9. exf5 gxf5 10. d4 d6 11. dxe5 dxe5 12. Qxd8+ Kxd8 13. O-O Ng6 14. b3 Ke7
15. Be3 Kf7 16. Rad1 h5 17. h4 Ng4 18. Bc1 Bf6 19. Kh1 Be7 20. Ng1 Be6 21. Nh3
Bb4 22. Ne2 a5 23. f4 Be7 24. fxe5 Rhd8 25. Rxd8 Rxd8 26. Ng5+ Bxg5 27. Bxg5
Rd1 28. Rxd1 Nf2+ 29. Kg1 Nxd1 30. Bf3 Kg7 31. Nd4 Bxc4 32. Bxd1 Bd3 33. e6 c5
34. e7 Nxe7 35. Ne6+ Kf7 36. Nxc5 Bb1 37. Bxh5+ 1-0